| 000 | | | 05168cbc2a2200000#x 450 |
| 001 | | | 4ee17811-92da-4f98-94d2-3c30530efe0f |
| 005 | | | 20230804101201.0 |
| 100 | ## | $a | 20170918l18821891k l0rusy0189 ca |
| 101 | 0# | $a | rus |
| 102 | ## | $a | RU |
| 200 | 1# | $a | Дело о службе члена Государственного совета, действительного тайного советника Петра Григорьевича Редкина |
| | $j | 29 января 1882 г. - 17 апреля 1891 г. |
| 251 | ## | $c | Дело |
| 330 | ## | $a | По отделению дел государственного секретаря |
| 801 | #0 | $a | RU |
| | $b | РГИА |
| | $c | 20170918 |
| 801 | #1 | $a | RU |
| | $b | ГлавНИВЦ |
| | $c | 20170918 |
| | $2 | rusmarc |
| 801 | #2 | $a | RU |
| | $b | ПБ им. Б.Н. Ельцина |
| | $c | 20190222 |
| | $g | RCR |
| | $2 | rusmarc |
| 850 | ## | $a | Федеральное казенное учреждение "Российский государственный исторический архив" |
| 852 | ## | $a | РГИА |
| | $j | 446 |
| 937 | ## | $h | РГИА |
| | $d | 12269814 |
| | $a | ASBIBLIO_SCAN |
| 462 | #0 | $1 | 00184dc0777-8539-4146-baa0-e467fb9946e7 |
| | $1 | 2001 |
| | $a | Личные дела членов Государственного совета по назначению и по выборам |
| | $v | Д. 446 |
| | $1 | 251 |
| | $c | Опись |
| | $1 | 852 |
| | $j | 6 |
| 461 | #0 | $1 | 0014fa2af93-39a9-4ff9-a461-614153062e91 |
| | $1 | 2001 |
| | $a | Государственная канцелярия Государственного совета |
| | $1 | 251 |
| | $c | Фонд |
| | $1 | 852 |
| | $j | 1162 |
| 215 | ## | $a | 58 листов |
| | $d | 36,5х26 см |
| 371 | ## | $a | Документ не является опубликованным и широко распространяемым |
| 105 | ## | $a | y### |
| 122 | 2# | $a | d18820129## |
| | $a | d18910417## |
| 035 | ## | $a | 4ee17811-92da-4f98-94d2-3c30530efe0f |
| 856 | ## | $u | http://readingroom.main.prlib.ru/item.aspx?id_node=n125939300&mode=full |
| 600 | #1 | $2 | prlib_sh |
| | $3 | LIBNET\UAF\0000107894 |
| | $a | Редкин |
| | $b | П. Г. |
| | $f | 1808-1891 |
| | $g | Петр Григорьевич |
| | $j | Архивные дела |
| 605 | ## | $2 | acquisition_Prlib |
| | $3 | LIBNET\UAF\0000107109 |
| | $a | История образования в России |
| | $l | коллекция |
| 605 | ## | $2 | acquisition_Prlib |
| | $3 | DITM\AF\0000002775 |
| | $a | Власть |
| | $l | коллекция |
| 686 | ## | $2 | rubbk |
| | $a | 63.3(2)52-8ю1 |
| | $v | LBC/M |
| 300 | ## | $a | Рукописный текст. Чернила |
| 300 | ## | $a | Оригинальный заголовок дела: Дело о службе члена Государственного совета, действительного тайного советника Редкина |
| 517 | 1# | $a | Дело о службе члена Государственного совета, действительного тайного советника Редкина |